- Foster, Hal,
Entry Nombre Personal
001 - NUMERO DE CONTROL
- campo de control: 44054
003 - IDENTIFICADOR DE NUMERO DE CONTROL
- campo de control: DLC
005 - FECHA Y HORA DE LA ÜLTIMA TRANSACCIÓN
- campo de control: 20220330122633.0
008 - DATOS DE LONGITUD FIJA
- campo de control de longitud fija: 220330n| azannaabn |n aaa
010 ## - NÚMERO DE CONTROL DE LA BIBLIOTECA DEL CONGRESO
- Número de control LC: n 82058148
- Número de Control LC Cancelado/inválido: no2012144698
035 ## - NUMERO DE CONTROL
- Número de control: (OCoLC)oca00755033
040 ## - FUENTE DE CATALOGACIÓN
- Agencia original de catalogación: DLC
- Lenguaje de catalogación: spa
- Description conventions: rda
- Agencia de transcripción: DLC
- Agencia que lo modifica: OCoLC
- Agencia que lo modifica: DLC
- Agencia que lo modifica: InU
- Agencia que lo modifica: MX-MxUPN
046 ## - FECHAS CON CODIFICACIÓN ESPECIAL
- Fecha de nacimiento: 1955-08-13
- Fuente del formato de fecha: edtf
100 1# - ENCABEZAMIENTO - NOMBRE PERSONAL
- Nombre personal: Foster, Hal,
- Fechas asociadas con el nombre: 1955-
373 ## - GRUPO ASOCIADO
- Associated group: Princeton University
- Fuente del término: naf
374 ## - OCUPACIÓN
- Occupation: Crítico de arte
- Occupation: Historiador de arte
- Occupation: Profesor universitario
- Fuente del término: lcsh
375 ## - GÉNERO
- Gender: masculino
377 ## - LENGUA ASOCIADA
- Language code: eng
670 ## - FUENTE EN LA QUE SE LOCALIZARON DATOS
- Cita de la fuente: His The minks' cry, 1982:
- Información localizada: portada (Hal Foster)
670 ## - FUENTE EN LA QUE SE LOCALIZARON DATOS
- Cita de la fuente: The Anti-aesthetic, 1983:
- Información localizada: CIP portada (Hal Foster) ficha de datos (b. 8-13-55)
670 ## - FUENTE EN LA QUE SE LOCALIZARON DATOS
- Cita de la fuente: Charlie Rose. A conversation with Richard Serra [VR] c2007:
- Información localizada: subtítulo en la película (Hal Foster; chair of Art & Archeology, Princeton University)
670 ## - FUENTE EN LA QUE SE LOCALIZARON DATOS
- Cita de la fuente: OCLC, Nov. 7, 2012
- Información localizada: (hdgs.: Foster, Hal, 1955-; Foster, Hal; usage: Hal Foster)
670 ## - FUENTE EN LA QUE SE LOCALIZARON DATOS
- Cita de la fuente: Wikipedia, Nov. 7, 2012:
- Información localizada: (Hal Foster; b. Aug. 13, 1955; art critic and historian)
- Uniform Resource Identifier: http://en.wikipedia.org/wiki/Hal_Foster_%28art_critic%29
902 ## - CATALOGADOR
- Catalogador: NDAF220330
